| 000 -CABECERA |
| Longitud fija campo de control |
00769nam a2200229 a 4500 |
| 001 - NÚMERO DE CONTROL |
| Número de control |
790 |
| 003 - IDENTIFICADOR DEL NÚMERO DE CONTROL |
| Identificador del número de control |
CDMR |
| 005 - FECHA Y HORA DE LA ÚLTIMA TRANSACCIÓN |
| Fecha y hora de la última transacción |
20130531105518.0 |
| 008 - CÓDIGOS DE INFORMACIÓN DE LONGITUD FIJA |
| Códigos de información de longitud fija |
130130s2000||||||||||||||||||||||||||||d |
| 020 ## - NÚMERO INTERNACIONAL NORMALIZADO PARA LIBROS |
| Número Internacional Normalizado para Libros (ISBN) |
848978132X |
| 040 ## - FUENTE DE LA CATALOGACIÓN |
| Centro catalogador de origen |
CDMR |
| Lengua de catalogación |
cat |
| Centro transcriptor |
CPC LLEIDA |
| 245 10 - MENCIÓN DE TÍTULO |
| Título |
Dones i mitjans de comunicació a Lleida |
| Mención de responsabilidad, etc. |
coord. Sílvia Puertas ; fotografies, Manel Rey ; textos, Jesús Riverola Masó, Mercè Hervàs |
| 260 ## - PUBLICACIÓN, DISTRIBUCIÓN, ETC. (PIE DE IMPRENTA) |
| Lugar de publicación, distribución, etc. |
Lleida |
| Fecha de publicación, distribución, etc. |
2000 |
| Nombre del editor, distribuidor, etc. |
Ajuntament de Lleida |
| 300 ## - DESCRIPCIÓN FÍSICA |
| Extensión |
207 p. |
| Otras características físicas |
il. fot. b/n |
| 650 04 - PUNTO DE ACCESO ADICIONAL DE MATERIA - TÉRMINO DE MATERIA |
| 9 (RLIN) |
2913 |
| Término de materia o nombre geográfico como elemento inicial |
Dones periodistes |
| Subdivisión geográfica |
Lleida |
| Subdivisión de forma |
Intervius |
| 700 1# - PUNTO DE ACCESO ADICIONAL - NOMBRE DE PERSONA |
| 9 (RLIN) |
3614 |
| Nombre de persona |
Puertas, Sílvia |
| Término indicativo de función |
coord. |
| 700 1# - PUNTO DE ACCESO ADICIONAL - NOMBRE DE PERSONA |
| 9 (RLIN) |
3615 |
| Nombre de persona |
Rey, Manel |
| 700 1# - PUNTO DE ACCESO ADICIONAL - NOMBRE DE PERSONA |
| 9 (RLIN) |
3616 |
| Nombre de persona |
Riverola Masó, Jesús |
| Término indicativo de función |
pr. |
| 700 1# - PUNTO DE ACCESO ADICIONAL - NOMBRE DE PERSONA |
| 9 (RLIN) |
3617 |
| Nombre de persona |
Hervàs, Mercè |
| 710 1# - PUNTO DE ACCESO ADICIONAL - NOMBRE DE ENTIDAD |
| 9 (RLIN) |
363 |
| Nombre de entidad o nombre de jurisdicción como elemento inicial |
Lleida |
| Unidad subordinada |
-- Ajuntament |
| 942 ## - ENTRADA DE ELEMENTOS AGREGADOS (KOHA) |
| Koha [por defecto] tipo de item |
Monografies |
| Fuente de clasificaión o esquema |
|